00774cam a22002653a 45000010005000000030006000050050017000110080041000280400015000690420007000840500007000911000032000982450079001302600029002095060030002385160020002686530037002886530021003256530026003466530019003726530023003916530025004148300028004398560041004676593PGUSA20140828083134.0040901s2004||||xxu|||||s|||||000 1 eng d aPGUSAbeng adc 4aPR1 aFielding, Henry,d1707-175410aHistory of Tom Jones, a Foundlingh[electronic resource] /cHenry Fielding bProject Gutenberg,c2004 aPublic domain in the USA. aElectronic text aIdentity (Psychology) -- Fiction aHumorous stories aFoundlings -- Fiction aBildungsromans aEngland -- Fiction aYoung men -- Fiction 0aProject Gutenbergv659340uhttp://www.gutenberg.org/ebooks/6593